00476ntaaa2200157 45000030003000000050017000030080021000200400037000410820017000781000019000952450099001142500049002133000011002626500025002737000020002980120251027203127.00714s1973 ag 01  aAR-BaBNbspacAR-BaBNeaacrdRIC a784.0000 M26 aMaddy, Joseph  aAll American Song Book. A community song book for schools, homes, clubs and community singing. a1 ed. : bRobbins Music Corporation, cc1942 a144 p. aCánticos Favoritos aMiessner, Otto